Europe currency quiz - Statistics

General Stats
  • This quiz has been taken 119 times
    14 since last reset
  • The average score is 40 of 50
Answer Stats
Country Currency % Correct
Andorra Euro
100%
Austria Euro
100%
Belgium Euro
100%
Bulgaria Euro
100%
Croatia Euro
100%
Cyprus Euro
100%
Estonia Euro
100%
Finland Euro
100%
France Euro
100%
Germany Euro
100%
Greece Euro
100%
Ireland Euro
100%
Italy Euro
100%
Kosovo Euro
100%
Latvia Euro
100%
Lithuania Euro
100%
Luxembourg Euro
100%
Malta Euro
100%
Monaco Euro
100%
Montenegro Euro
100%
Netherlands Euro
100%
Portugal Euro
100%
San Marino Euro
100%
Slovakia Euro
100%
Slovenia Euro
100%
Spain Euro
100%
Vatican City Euro
100%
Czechia Koruna
86%
Denmark Krona
86%
Iceland Króna
86%
Sweden Krona
86%
Norway Krone
86%
Belarus Ruble
86%
russia Ruble
86%
Turkey Lira
79%
Liechtenstein Franc
71%
Switzerland Franc
71%
United Kingdom Pound
71%
Hungary Forint
50%
Moldova Leu
50%
Poland Złoty
50%
North Macedonia Denar
43%
Serbia Dinar
43%
Albania Lek
43%
Romania Leu
43%
Ukraine Hryvnia
29%
Armenia Dram
21%
Georgia Lari
21%
Azerbaijan Manat
14%
Bosnia Marka
7%
No matching quizzes found
Score Distribution
Percent of People with Each Score
Percentile by Number Answered
Your Score History
You have not taken this quiz since the last reset